Συγκριτική θεώρηση των επίσημων αναλυτικών προγραμμάτων Ελλάδας και Γαλλίας για την θέση της περιβαλλοντικής εκπαίδευσης στα αντίστοιχα εκπαιδευτικά συστήματα : διπλωματική εργασία (μεταπτυχιακή)

Αποθηκεύτηκε σε:
Λεπτομέρειες βιβλιογραφικής εγγραφής
Κύριος συγγραφέας: Αναστασίου, Λεωνίδας
Άλλοι συγγραφείς: Κόνσολας, Εμμανουήλ, Γκόβαρης, Χρήστος (Εισηγητής διατριβής), Τσαμπούκου-Σκαναβή, Κωνσταντίνα (Εισηγητής διατριβής)
Μορφή: Thesis Βιβλίο
Γλώσσα:Greek
Δημοσίευση: Ρόδος : Πανεπιστήμιο Αιγαίου, Τμήμα Επιστημών της Προσχολικής Αγωγής και του Εκπαιδευτικού Σχεδιασμού, 2006.
Θέματα:
Ετικέτες: Προσθήκη ετικέτας
Δεν υπάρχουν, Καταχωρήστε ετικέτα πρώτοι!

MARC

LEADER 00000cam a2200000 i 4500
001 1/43468
008 070426s2006 gre d
035 |l 10087614 
040 |a GR-MY-UA  |b gre  |e aacr 
041 0 |a gre 
082 7 |a 372.357   |2 (22) 
100 1 |a Αναστασίου, Λεωνίδας. 
245 1 0 |a Συγκριτική θεώρηση των επίσημων αναλυτικών προγραμμάτων Ελλάδας και Γαλλίας για την θέση της περιβαλλοντικής εκπαίδευσης στα αντίστοιχα εκπαιδευτικά συστήματα :   |b διπλωματική εργασία (μεταπτυχιακή) /   |c Αναστασίου Λεωνίδας ; Κόνσολας Μάνος (επιβλέπων) ; τριμελής συμβουλευτική επιτροπή: Γκόβαρης Χρήστος , Σκαναβή Κωνσταντίνα.  
260 |a Ρόδος :   |b Πανεπιστήμιο Αιγαίου, Τμήμα Επιστημών της Προσχολικής Αγωγής και του Εκπαιδευτικού Σχεδιασμού,   |c 2006.  
300 |a 203 σ. ;   |c 30 εκ. 
502 |a Διατριβή (μεταπτυχιακή) - Πανεπιστήμιο Αιγαίου, Ρόδος, 2006. 
504 |a Βιβλιογραφία: σ. 190-194.  
610 2 0 |a University of the Aegean  |x Dissertations. 
650 0 0 |a Environmental education  |z France  |x Curricula. 
650 0 0 |a Environmental education  |z Greece  |x Curricula. 
650 0 0 |a Environmental education  |z Europe. 
650 0 0 |a Dissertations, Academic  |z Greece. 
700 1 |a Κόνσολας, Εμμανουήλ. 
700 1 |a Γκόβαρης, Χρήστος.  |4 ths 
700 1 |a Τσαμπούκου-Σκαναβή, Κωνσταντίνα.  |4 ths 
852 |a INST  |b RHODES  |c DIATR  |e 20070426  |h 372.357 ΑΝΑ  |p 005400026671  |q 005400026671  |t MTXE  |y 23 
852 |a INST  |b RHODES  |c DIATR  |e 20070426  |h 372.357 ΑΝΑ  |p 005400026672  |q 005400026672  |t MTXE  |y 23 
901 |a BIBL4-2007-1 
909 |a Ρ  |b 127855 
909 |a Ρ  |b 127856 
924 |a ΑΝΑΣΤΑΣΙΟΥ  |b ΛΕΩΝΙΔΑΣ  |y Ρόδος  |z 2007-03 
970 |a ΜΙΣΣΟΣ  |b ΣΤΑΥΡΟΣ  |z 2007/04/26